Reálna hodnota akcií vo svetle súčasnej finančnej krízy

Diskusie o príčinách súčasnej finančnej krízy. Problematika určovania "reálnych" hodnôt v právnych normách. Dokonalé a efektívne trhy. Ceny a hodnoty cenných papierov. Key value driver formula (vzorec kľúčových generátorov hodnoty) - the zen of corporate finance.

Salvato in:
Dettagli Bibliografici
Autore principale: Hrvoľová, Božena
Natura: Capitolo di libro
Lingua:slovacco
Soggetti:
Tags: Aggiungi Tag
Nessun Tag, puoi essere il primo ad aggiungerne!!

MARC

LEADER 00000naa a2200000 4500
001 0120062
005 20240502072337.4
041 0 |a slo 
044 |a SK 
245 1 0 |a Reálna hodnota akcií vo svetle súčasnej finančnej krízy  |c Božena Hrvoľová 
520 |a Diskusie o príčinách súčasnej finančnej krízy. Problematika určovania "reálnych" hodnôt v právnych normách. Dokonalé a efektívne trhy. Ceny a hodnoty cenných papierov. Key value driver formula (vzorec kľúčových generátorov hodnoty) - the zen of corporate finance. 
610 2 0 |a kríza finančná 
610 2 0 |a akcie 
610 2 0 |a trh kapitálový 
610 2 0 |a papiere cenné 
610 2 0 |a ceny 
610 2 0 |a hodnota 
610 2 0 |a vzorce 
100 1 |a Hrvoľová, Božena